| 000 | 00678nam a22001697a 4500 | ||
|---|---|---|---|
| 999 |
_c10045 _d10045 |
||
| 008 | 180726b ||||| |||| 00| 0 eng d | ||
| 082 |
_22017 _aUT 0988 _bD59 |
||
| 100 |
_929674 _aDiola, Desiree Amor G. |
||
| 245 |
_aPhysicochemical assessment of rainwater quality in rizal Avenue, digos city/ _cDesiree Amor G. Diola, Albert M. Hermosisima and Kate Jamaica T. Lumen. |
||
| 260 |
_aDigos City: _bUMDC _cNovember 2017. |
||
| 300 |
_a41 pages; _b30 cm. |
||
| 650 | 0 |
_929675 _aEducation. _vBiological Science _xUndergraduate thesis. |
|
| 700 |
_929676 _aDiola, Desiree Amor G. |
||
| 700 |
_929677 _aHermosisima, Albert M. |
||
| 700 |
_929678 _aLumen, Kate Jamaica T. |
||
| 942 |
_2ddc _cUT |
||